000 00965nam0a22002531 4500
001 rc\633358
005 20250621191946.0
035 _a(NLR Aleph) 005875332
090 _a6021714
_c6021714
100 _a20031121d1986 |||y0rusy50 ca
101 0 _arus
102 _aRU
105 _ay |||||||||
200 1 _aМЕТОДИЧЕСКИЕ рекомендации по автоматизации формирования, контроля и анализа паспортов НИР
_fНИИ автоматизир. систем планирования и упр. в стр-ве Госстроя УССР
_g[Разраб. инж. Т.В. Рымар и др.]
210 _aКиев
_cНИИАСС
_d1986
215 _a31 с., [1] л. бланк.
_d20
320 _aБиблиогр.: с. 30
702 1 _aРымар
_bТ.В.
_4570
801 0 _aRU
_bNLR
_gpsbo
801 1 _aRU
_bELAR
_2rusmarc
852 _aNLR
_j88-4/7849
942 _cBOOK
980 _aNB